00230nam a22000977a 4500008004100000041000800041080000800049100000700057101000800064245006000072181030b xxu||||| |||| 00| 0 eng d aeng a910 a45 aArt aThe Hary Leteracy The Art History Of LeterscJAN.A